| 000 -LEADER |
| fixed length control field |
00378nam a2200109Ia 4500 |
| 008 - FIXED-LENGTH DATA ELEMENTS--GENERAL INFORMATION |
| fixed length control field |
200302s9999 xx 000 0 und d |
| 100 ## - MAIN ENTRY--PERSONAL NAME |
| Personal name |
Nicolas Le Camys De Mezieres |
| 245 ## - TITLE STATEMENT |
| Title |
The Genius Of Architecture ; Or The Analogy Of That Art With Oir Sensations |
| 260 ## - PUBLICATION, DISTRIBUTION, ETC. |
| Name of publisher, distributor, etc. |
The Getty Center, For the History of Art and The Humaities,Santa Monica,USA |
| 260 ## - PUBLICATION, DISTRIBUTION, ETC. |
| Date of publication, distribution, etc. |
1992 |
| 300 ## - PHYSICAL DESCRIPTION |
| Extent |
222 P |